Public policy : (Record no. 582)
[ view plain ]
| 000 -LEADER | |
|---|---|
| fixed length control field | 01072cam a22002054a 4500 |
| 020 ## - INTERNATIONAL STANDARD BOOK NUMBER | |
| ISBN | 0321117980 (pbk.) |
| 050 00 - CALL NUMBER | |
| Classification number | H97 |
| Item number | .Si4 |
| 100 1# - AUTHOR | |
| Personal name | Simon, Christopher A., |
| 245 10 - TITLE | |
| Title | Public policy : |
| Remainder of title | preferences and outcomes / |
| Statement of responsibility, etc | Christopher A. Simon. |
| 260 ## - PUBLICATION INFORMATION | |
| Place of publication | New York : |
| Name of publisher | Pearson Longman, |
| Year of publication | c2007. |
| 300 ## - DESCRIPTION | |
| Number of Pages | xiv, 402 p. : |
| Other physical details | ill., maps ; |
| Dimensions | 24 cm. |
| 505 0# - FORMATTED CONTENTS NOTE | |
| Table of Content | Policy and visions of governance -- Theories of public policy: how choices are made -- Values and public policy -- Policy analysis -- Agenda setting -- Policy formulation -- Policy implementation -- Policy evaluation -- Federalism and intergovernmental relations (IGR) -- Defense policy -- Public health policy -- General social policy -- Education policy -- Criminal justice policy -- Environmental and natural resource policy -- Cost of policy -- Conclusion: Future of public policy. |
| 650 #0 - SUBJECTS | |
| Topical Term | Policy sciences. |
| 650 #0 - SUBJECTS | |
| Topical Term | Political planning. |
| 650 #0 - SUBJECTS | |
| Topical Term | Political science |
| General subdivision | Philosophy. |
| 650 #0 - SUBJECTS | |
| Topical Term | Values. |
| 650 #0 - SUBJECTS | |
| Topical Term | Political planning |
| 650 #0 - SUBJECTS | |
| Topical Term | Public administration |
| 942 ## - ADDED ENTRY ELEMENTS (KOHA) | |
| Koha item type | Books |
| Withdrawn status | Lost status | Collection code | Home library | Current library | Shelving location | Date acquired | Full call number | Accession Number | Copy number | Koha item type |
|---|---|---|---|---|---|---|---|---|---|---|
| Reference | Methodist University Library Main | Methodist University Library Main | General Stacks | H97 .Si4 | 3401 | 1 | Books |